000
00269nam a2200097Ia 4500
008
240331s9999 xx 000 0 und d
082
_b
DIR
100
_a
Periyannanpillai, V. ed
245
0
_a
Directory of NGO'S :
_b
working for human rights, peace and democracy
942
_c
L
999
_c
3228
_d
3228